LEADER 01405nam a2200325 a 4500 001 000000122452 003 CaOOAMICUS 005 20100712093859.0 008 100712t2001 it u000 u ita r 020 $a978-88-15-08219-0 040 $aPUL$bita$dReb 041 1 $aita$hger 082 04$a909 100 1 $aPopitz, Heinrich.$0(OLS)http://pul/name/76849 240 10$aPhänomene der macht$lItaliano.$0(OLS)http://pul/title/154232 245 10$aFenomenologia del potere :$bautoritą, dominio, violenza, tecnica /$cHeinrich Popitz. 250 $aNuova edizione. 260 $aBologna :$bIl Mulino,$c©2001. 300 $a216 p. ;$c21 cm. 490 1 $aUniversale paperbacks Il Mulino ;$v241 650 4$aPotere (Scienze sociali).$0(OLS)http://pul/subject/16270 650 4$aSociologia$xPotere.$0(OLS)http://pul/subject/37067 830 0$aUniversale paperbacks Il Mulino ;$v241.$0(OLS)http://pul/title/190 850 $aPUL 852 $aPUL$W1$xDP2 Filosofia 3$y112$m909 COLL 2.241$j140628$qDDC 21$B139731$CPULBib$Z2$F139731 $H114366 $82 941 1 $a9 996 $6020$a978-88-15-08219-0$9(OLS)http://pul/number/144828 996 $6082$a909$9(OLS)http://pul/classification/566 996 $6245$aFenomenologia del potere :$bautoritą, dominio, violenza, tecnica$9(OLS)http://pul/title/154231 996 $6260$aBologna :$bIl Mulino$9(OLS)http://pul/publisher/47928 LEADER 01211nam a2200301 a 4500 001 000000129338 003 CaOOAMICUS 005 20120618125339.0 008 120618s2012 it u000 u ita r 020 $a978-88-217-3797-8 040 $aPUL$bita 082 04$a346.4506 100 1 $aMagliulo, Federico.$0(OLS)http://pul/name/68697 245 13$aLa scissione delle societą /$cFederico Magliulo. 260 $aMilano :$bIpsoa,$c©2012. 300 $aXL, 1012 p. ;$c25 cm. 490 1 $aNotariato e nuovo diritto societario ;$v9 504 $aBbibliografia in nota. 650 4$aDiritto societario.$0(OLS)http://pul/subject/29527 830 0$aNotariato e nuovo diritto societario ;$v9.$0(OLS)http://pul/title/139217 850 $aPUL 852 $aPUL$W1$xSL Diritto e Scienze Sociali 3$y79$m346. 4506 COLL 1.9$j149781$qDDC 21$B148305$CPULBib$Z2$F148305 $H120083 $82 941 1 $a9 996 $6020$a978-88-217-3797-8$9(OLS)http://pul/number/150034 996 $6082$a346.4506$9(OLS)http://pul/classification/679 996 $6245$aLa scissione delle societą$9(OLS)http://pul/title/163438 996 $6260$aMilano :$bIpsoa$9(OLS)http://pul/publisher/67046